000 00776cam a22001933a 4500
001 39639
003 PGUSA
005 20140828083900.0
008 120506s2012||||xxu|||||s|||||000 | eng d
040 _aPGUSA
_beng
042 _adc
245 1 0 _aPicturesque World's Fair, Vol. I, No. 1, Feb. 10, 1894 :
_bAn Elaborate Collection of Colored Views . . . Comprising Illustrations of the Greatest Features of the World's Columbian Exposition and Midway Plaisance: Architectural, Artistic, Historical, Scenic and Ethnological
_h[electronic resource] /
_cAnonymous
260 _bProject Gutenberg,
_c2012
506 _aPublic domain in the USA.
516 _aElectronic text
830 0 _aProject Gutenberg
_v39639
856 4 0 _uhttp://www.gutenberg.org/ebooks/39639
942 _cEB
999 _c268892
_d268892